| 000 | 00608nam a22001457a 4500 | ||
|---|---|---|---|
| 008 | 161011b xxu||||| |||| 00| 0 spa d | ||
| 020 | _a978-9974-7717-5-8 | ||
| 082 |
_214 _a363.46 |
||
| 110 | 2 |
_94145 _aFederación Internacional de Planificación Familiar. |
|
| 245 | 1 | 0 |
_aAborto legal : _bregulaciones sanitarias comparadas. Un análisis en América Latina y algunos países de Europa y África. / _cFederación Internacional de Planificación Familiar. |
| 260 |
_aNew York : _bFederación Internacional de Planificación, _cs.f., |
||
| 300 |
_a193 p. _b+ 1 cd |
||
| 650 | 1 | 0 |
_93225 _aABORTO |
| 942 |
_2ddc _cLIBRO |
||
| 999 |
_c3322 _d3322 |
||
| 980 |
_81943 _gVALERIA BEATRIZ DOMÍNGUEZ |
||